Normal view
MARC view
- علم النفس الفردي-سيكولوجية الشخصية-نمو الافراد
Entry Topical Term
001 - CONTROL NUMBER
- control field: 40671
003 - CONTROL NUMBER IDENTIFIER
- control field: JO-AjAnu
005 - DATE AND TIME OF LATEST TRANSACTION
- control field: 20230606080744.0
008 - FIXED-LENGTH DATA ELEMENTS
- fixed length control field: 230606|| aca||aabn | a|a d
040 ## - CATALOGING SOURCE
- Original cataloging agency: JO-AjAnu
- Transcribing agency: JO-AjAnu
150 ## - HEADING--TOPICAL TERM
- Topical term or geographic name entry element: علم النفس الفردي-سيكولوجية الشخصية-نمو الافراد
670 ## - SOURCE DATA FOUND
- Source citation: Work cat.: (JO-AjAnu)20847: العزام، سهيل محمد, author 40670, مشكلات نمو الشخصية